Antti Numesniemi. (Record no. 10969)

MARC details
000 -CABECERA
campo de control de longitud fija 01161nam a22002897a 4500
001 - NÚMERO DE CONTROL
campo de control BRCA_9347
003 - IDENTIFICADOR DEL NÚMERO DE CONTROL
campo de control FranzMayer
005 - FECHA Y HORA DE LA ÚLTIMA TRANSACCIÓN
campo de control 20230918121434.0
008 - DATOS DE LONGITUD FIJA--INFORMACIÓN GENERAL
campo de control de longitud fija 230825b |||||||| |||| 00| 0 eng d
020 ## - NÚMERO INTERNACIONAL ESTÁNDAR DEL LIBRO
Número Internacional Estándar del Libro 9518965102
040 ## - FUENTE DE LA CATALOGACIÓN
Centro catalogador/agencia de origen MFM
Lengua de catalogación español
Centro/agencia transcriptor MFM
050 #0 - SIGNATURA TOPOGRÁFICA DE LA BIBLIOTECA DEL CONGRESO
Número de clasificación NK1530.N87
Número de documento/Ítem H45 2000
110 1# - ENTRADA PRINCIPAL--NOMBRE DE ENTIDAD CORPORATIVA
Código de función/relación Responsable
Nombre de entidad corporativa o nombre de jurisdicción como elemento de entrada Helsingin kaupungin taidemuseon jukaisuja
9 (RLIN) 29249
240 ## - TÍTULO UNIFORME
Título uniforme Antti Numesniemi
Medio Ajatuksia ja suunnitelma. To Reflect ant to Design
Lenguaje de la obra Fines/Inglés
245 ## - MENCIÓN DE TÍTULO
Título Antti Numesniemi.
Resto del título Ajatuksia ja suunnitelma. To Reflect and to design
260 ## - PUBLICACIÓN, DISTRIBUCIÓN, ETC.
Lugar de publicación, distribución, etc. Helsinki, Finlandia
Nombre del editor, distribuidor, etc. Helsingin kaupungin taidemuseon jukaisuja
Fecha de publicación, distribución, etc. 2000
300 ## - DESCRIPCIÓN FÍSICA
Extensión 199 p
Otras características físicas Ilustraciones a color
Dimensiones 23 cm
500 ## - NOTA GENERAL
Nota general Anexo 1
505 ## - NOTA DE CONTENIDO CON FORMATO
Nota de contenido con formato Texto en: inglés/finesDirigido a: artistas y diseñadores
650 1# - PUNTO DE ACCESO ADICIONAL DE MATERIA--TÉRMINO DE MATERIA
Fuente del encabezamiento o término Artes decorativas
Término de materia o nombre geográfico como elemento de entrada Decoración y ornamentación
Subdivisión de forma Diseño
9 (RLIN) 29250
651 2# - PUNTO DE ACCESO ADICIONAL DE MATERIA--NOMBRE GEOGRÁFICO
Fuente del encabezamiento o término Diseño europeo
Nombre geográfico Diseño fines
Subdivisión de forma Antti Nurmensntemi (1927-2003)
9 (RLIN) 29251
700 1# - PUNTO DE ACCESO ADICIONAL--NOMBRE DE PERSONA
Código de función/relación Trad.
Nombre de persona Kokkonen, Jyri
9 (RLIN) 29252
700 1# - PUNTO DE ACCESO ADICIONAL--NOMBRE DE PERSONA
Código de función/relación Fot.
Nombre de persona Männynoksa, Hannu
9 (RLIN) 29253
700 1# - PUNTO DE ACCESO ADICIONAL--NOMBRE DE PERSONA
Código de función/relación Fot.
Nombre de persona Niemela, Voitto
9 (RLIN) 29254
700 1# - PUNTO DE ACCESO ADICIONAL--NOMBRE DE PERSONA
Código de función/relación Fot.
Nombre de persona Pietinen, Matti
9 (RLIN) 29255
942 ## - ELEMENTOS DE PUNTO DE ACCESO ADICIONAL (KOHA)
Fuente del sistema de clasificación o colocación Library of Congress Classification
Tipo de ítem Koha Libros
Holdings
Estado de retiro Estado de pérdida Fuente del sistema de clasificación o colocación Estado dañado No para préstamo Código de colección Localización permanente Ubicación/localización actual Fecha de adquisición Total de préstamos Signatura topográfica completa Código de barras Fecha visto por última vez Precio válido a partir de Tipo de ítem Koha
El ejemplar forma parte de la colección y puede ser consultado según las políticas vigentes.   Library of Congress Classification     Fondo Contemporáneo Biblioteca del Museo Franz Mayer (Rogerio Casas-Alatriste) Biblioteca del Museo Franz Mayer (Rogerio Casas-Alatriste) 25/08/2023   NK1530.N87 H45 2000 CONT10103 25/08/2023 25/08/2023 Libros